Dyer v Dorset County Council (Record no. 11388)

MARC details
000 -LEADER
fixed length control field 01024cab a2200205 4500
001 - CONTROL NUMBER
control field ABS39497
008 - FIXED-LENGTH DATA ELEMENTS--GENERAL INFORMATION
fixed length control field 090401t1988 xxu||||| |||| 00| 0 eng d
035 ## - SYSTEM CONTROL NUMBER
System control number (Sirsi) u17172
041 ## - LANGUAGE CODE
Language code of text/sound track or separate title eng
245 ## - TITLE STATEMENT
Title Dyer v Dorset County Council
260 ## - PUBLICATION, DISTRIBUTION, ETC.
Date of publication, distribution, etc. 1988
350 ## - PRICE (NR) (BK AM CF MU VM SE) [OBSOLETE]
Price 0
490 ## - SERIES STATEMENT
Series statement Weekly Law Reports
Volume/sequential designation (1988) 3 WLR 213-222(10)
520 ## - SUMMARY, ETC.
Summary, etc. CA 4 May 1988 Appeal by the council (D) against a cc decision that a lecturer Alan Dyer (A) had the right to buy a staff house from D under the provisions of Housing Act 1980 , as amended by Housing and Building Control Act 1984 . The cc judge held that the house was within the curtilage of any relevant property owned by D within the meaning of Housing Act 1980 Sched 1 para 1 . On appeal by D, the CA upheld the cc`s decision that A was entitled to exercise the right to buy under the 1980 Act and the appeal was accordingly dismissed.
650 ## - SUBJECT ADDED ENTRY--TOPICAL TERM
Topical term or geographic name entry element COUNCIL HOUSING
650 ## - SUBJECT ADDED ENTRY--TOPICAL TERM
Topical term or geographic name entry element LOCAL AUTHORITIES
690 ## - LOCAL SUBJECT ADDED ENTRY--TOPICAL TERM (OCLC, RLIN)
Topical term or geographic name as entry element HOUSING-CASE LAW
942 ## - ADDED ENTRY ELEMENTS (KOHA)
Suppress in OPAC 0
948 ## - LOCAL PROCESSING INFORMATION (OCLC); SERIES PART DESIGNATOR (RLIN)
c (OCLC) 04/03/1997
Holdings
Withdrawn status Lost status Source of classification or shelving scheme Damaged status Not for loan Home library Current library Shelving location Date acquired Total Checkouts Full call number Barcode Date last seen Copy number Price effective from Koha item type
    Dewey Decimal Classification     London London Journal article 14/09/1999   ABS39497 17172-1001 06/08/2019 1 06/08/2019 Law report